LEADER 01190nam a2200289 a 4500 001 000000134263 003 CaOOAMICUS 005 20130607122818.0 008 130607s1994 it u000 u ita r 020 $a88-7104-891-1 040 $aPUL$bita 082 04$a152.4 100 1 $aGazzoni, Francesco.$0(OLS)http://pul/name/23470 245 10$aAmore e diritto ovvero i diritti dell'amore /$cFrancesco Gazzoni. 260 $aNapoli :$bEdizioni scientifiche italiane,$c1994. 300 $aXI, 220 p. ;$c23 cm 504 $aBibliografia nelle note finali. 650 4$aEmozioni$xPsicologia.$0(OLS)http://pul/subject/22116 650 4$aSentimenti$xPsicologia.$0(OLS)http://pul/subject/39658 850 $aPUL 852 $aPUL$W1$xSL Filosofia 3$y81$m152. 4 GAZFR 1$j154359$qDDC 21$B153910$CPULBib$Z2$F153910 $H122589 $82 941 1 $a9 996 $6020$a88-7104-891-1$9(OLS)http://pul/number/152958 996 $6082$a152.4$9(OLS)http://pul/classification/638 996 $6245$aAmore e diritto ovvero i diritti dell'amore$9(OLS)http://pul/title/169758 996 $6260$aNapoli :$bEdizioni scientifiche italiane$9(OLS)http://pul/publisher/48388 LEADER 01487nam a2200325 u 4500 001 000000113746 003 CaOOAMICUS 005 20081204113500.0 008 081103s2008 vc u000 u ita r 020 $z978-88-209-8079-5* 040 $aPUL$bita$dLDB 041 0 $aita$aeng$afre 245 03$aIl metodo teologico :$btradizione, innovazione, comunione in Cristo /$ca cura di Manlio Sodi. 260 $aCittą del Vaticano :$bLibreria editrice vaticana,$c2008. 300 $a511 p. ;$c24 cm 490 1 $aItineraria ;$v01 504 $aBibliografia in nota. 546 $aTesti in italiano, inglese e francese. 650 14$aTeologia$xCritica e interpretazione.$0(OLS)http://pul/subject/8641 700 1 $aSodi, Manlio,$cS.D.B.,$d1944-$0(OLS)http://pul/name/32025 710 2 $aPontificia Academia Theologica.$0(OLS)http://pul/name/70336 830 0$aItineraria ;$v01.$0(OLS)http://pul/title/142931 850 $aPUL 852 $aPUL$W1$xSL Religione 3$y85$m230 COLL 3.1$j129955$qDDC 21$B129021$CPULBib$Z2$F129021 $H108688 $82 910 $aPontificia Accademia Teologica Romana$970336 910 $aPontificia Accademia Teologica Romana$970336 941 1 $a9 996 $6020$z978-88-209-8079-5*$9(OLS)http://pul/number/139077 996 $6245$aIl metodo teologico :$btradizione, innovazione, comunione in Cristo$9(OLS)http://pul/title/142932 996 $6260$aCittą del Vaticano :$bLibreria editrice vaticana$9(OLS)http://pul/publisher/47920